[Event "Koge Xtracon op"]
[Site "Koge"]
[Date "2013.10.19"]
[Round "8"]
[White "Wahlstrom, Lennart"]
[Black "Hansen, Rasmus Agertoft"]
[Result "1-0"]
[WhiteElo "2105"]
[BlackElo "1940"]
[PlyCount "71"]
[EventDate "2013.10.14"]
[EventType "swiss"]
[EventRounds "9"]
[EventCountry "DEN"]
[SourceTitle "EXT 2014"]
[Source "ChessBase"]
[SourceDate "2013.11.20"]
[SourceVersion "1"]
[SourceVersionDate "2013.11.20"]
[SourceQuality "1"]

1. e4 d6 2. d4 Nf6 3. Nc3 g6 4. Nf3 Bg7 5. Be2 Bg4 6. 0-0 0-0 7. Re1 Nc6 8. h3 Bxf3 9. Bxf3 e5 10. dxe5 Nxe5 11. Be2 h6 12. Be3 Re8 13. Qd2 Kh7 14. f4 Nc6 15. Bf3 Nd7 16. Rad1 Nb6 17. b3 Qh4 18. a4 f5 19. exf5 gxf5 20. a5 Nd7 21. a6 Rab8 22. axb7 Nd4 23. Bxd4 Bxd4+ 24. Kh1 Bf2 25. Rxe8 Rxe8 26. Bc6 Re3 27. Qxe3 Bxe3 28. Bxd7 Bxf4 29. Bxf5+ Kg7 30. b8Q Qg3 31. Qxc7+ Kf8 32. Qd8+ Kf7 33. Be6+ Kxe6 34. Qe8+ Kf5 35. Qf7+ Ke5 36. Rd5# 1-0

[Event "Koge Xtracon op"]
[Site "Koge"]
[Date "2013.10.18"]
[Round "6"]
[White "Fransson, Pia"]
[Black "Hansen, Rasmus Agertoft"]
[Result "0-1"]
[WhiteElo "1558"]
[BlackElo "1940"]
[PlyCount "64"]
[EventDate "2013.10.14"]
[EventType "swiss"]
[EventRounds "9"]
[EventCountry "DEN"]
[SourceTitle "EXT 2014"]
[Source "ChessBase"]
[SourceDate "2013.11.20"]
[SourceVersion "1"]
[SourceVersionDate "2013.11.20"]
[SourceQuality "1"]

1. d4 f5 2. Bf4 Nf6 3. e3 g6 4. h3 Bg7 5. Nf3 0-0 6. c4 d6 7. Be2 h6 8. 0-0 Nbd7 9. Nc3 e6 10. Qc2 Nh5 11. Bh2 b6 12. Nd2 Bb7 13. Bf3 Bxf3 14. Nxf3 g5 15. Kh1 g4 16. Ng1 e5 17. Nce2 c5 18. hxg4 fxg4 19. Qg6 Qg5 20. Qxg5 hxg5 21. Rad1 Ndf6 22. dxe5 Ne4 23. exd6 Rxf2 24. d7 Rxf1 25. d8Q+ Rxd8 26. Rxd8+ Kf7 27. g3 Rf2 28. Rd1 Be5 29. Rd7+ Kg6 30. Nf4+ gxf4 31. exf4 Nhxg3+ 32. Bxg3 Nxg3# 0-1

[Event "Koge Xtracon op"]
[Site "Koge"]
[Date "2013.10.17"]
[Round "4"]
[White "Hansen, Rasmus Agertoft"]
[Black "Akdag, Dara Sevkan"]
[Result "0-1"]
[WhiteElo "1940"]
[BlackElo "2278"]
[PlyCount "60"]
[EventDate "2013.10.14"]
[EventType "swiss"]
[EventRounds "9"]
[EventCountry "DEN"]
[SourceTitle "EXT 2014"]
[Source "ChessBase"]
[SourceDate "2013.11.20"]
[SourceVersion "1"]
[SourceVersionDate "2013.11.20"]
[SourceQuality "1"]

1. d4 b6 2. e4 e6 3. Bd3 Bb7 4. Nf3 d6 5. Nbd2 g6 6. c3 Bg7 7. 0-0 Nd7 8. Nc4 Ne7 9. b4 0-0 10. Bg5 h6 11. Bh4 Nf6 12. Nfd2 Qe8 13. Qf3 Nd7 14. Qe2 d5 15. Bxe7 dxc4 16. Bxf8 cxd3 17. Qxd3 Qxf8 18. e5 Qd8 19. f4 Nb8 20. a4 Qd5 21. Rf2 c5 22. b5 Nd7 23. Nc4 cxd4 24. Qxd4 Bf8 25. Ne3 Qe4 26. Re2 Nc5 27. Rd1 Nxa4 28. Qxe4 Bxe4 29. Ng4 Nxc3 30. Nf6+ Kg7 0-1

[Event "Politiken Cup 35th"]
[Site "Helsingor"]
[Date "2013.07.31"]
[Round "6"]
[White "Hansen, Rasmus Agertoft"]
[Black "Madison, Sigurd"]
[Result "0-1"]
[WhiteElo "1945"]
[BlackElo "1792"]
[PlyCount "78"]
[EventDate "2013.07.27"]
[EventType "swiss"]
[EventRounds "10"]
[EventCountry "DEN"]
[SourceTitle "CBM 155 Extra"]
[Source "ChessBase"]
[SourceDate "2013.08.26"]
[SourceVersion "1"]
[SourceVersionDate "2013.08.26"]
[SourceQuality "1"]

1. e4 e5 2. Nf3 Nc6 3. Bb5 a6 4. Ba4 Nf6 5. 0-0 b5 6. Bb3 Be7 7. Re1 0-0 8. a4 b4 9. c3 d6 10. d3 a5 11. Nbd2 Rb8 12. Nf1 Bb7 13. Ng3 Nd7 14. Nf5 Bf6 15. g4 Qe8 16. g5 Bd8 17. N3h4 Ne7 18. Qh5 Kh8 19. Re3 g6 20. Qh6 gxf5 21. Nxf5 Nxf5 22. exf5 Rg8 23. Rh3 Nf8 24. cxb4 axb4 25. Bd2 Qc6 26. f3 d5 27. Qh5 Qd7 28. d4 Qxf5 29. Kf2 Bxg5 30. Rg1 Ne6 31. dxe5 c5 32. Ba2 d4 33. Bxe6 Be3+ 34. Bxe3 dxe3+ 35. Kxe3 Qxh5 36. Rxg8+ Rxg8 37. Rxh5 fxe6 38. Rh6 Rg6 39. Rh4 Bd5 0-1

[Event "Politiken Cup 35th"]
[Site "Helsingor"]
[Date "2013.07.29"]
[Round "4"]
[White "Hansen, Rasmus Agertoft"]
[Black "Torgersen, Markus"]
[Result "1-0"]
[WhiteElo "1945"]
[BlackElo "1737"]
[PlyCount "39"]
[EventDate "2013.07.27"]
[EventType "swiss"]
[EventRounds "10"]
[EventCountry "DEN"]
[SourceTitle "CBM 155 Extra"]
[Source "ChessBase"]
[SourceDate "2013.08.26"]
[SourceVersion "1"]
[SourceVersionDate "2013.08.26"]
[SourceQuality "1"]

1. e4 c6 2. d4 d5 3. e5 Bf5 4. Nf3 e6 5. Be2 c5 6. 0-0 Nd7 7. c4 dxc4 8. Bxc4 cxd4 9. Nxd4 Bxb1 10. Rxb1 Nxe5 11. Bb5+ Nd7 12. Qb3 Ngf6 13. Bg5 Qb6 14. Bxf6 gxf6 15. Rbd1 0-0-0 16. a4 Nc5 17. Qf3 Be7 18. b4 Nxa4 19. Bxa4 Rxd4 20. Qc3+ 1-0

[Event "Politiken Cup 35th"]
[Site "Helsingor"]
[Date "2013.07.28"]
[Round "3"]
[White "Haubro, Sigfred"]
[Black "Hansen, Rasmus Agertoft"]
[Result "1-0"]
[WhiteElo "2155"]
[BlackElo "1945"]
[PlyCount "69"]
[EventDate "2013.07.27"]
[EventType "swiss"]
[EventRounds "10"]
[EventCountry "DEN"]
[SourceTitle "CBM 155 Extra"]
[Source "ChessBase"]
[SourceDate "2013.08.26"]
[SourceVersion "1"]
[SourceVersionDate "2013.08.26"]
[SourceQuality "1"]

1. Nf3 Nf6 2. g3 g6 3. Bg2 Bg7 4. 0-0 0-0 5. c4 d6 6. d4 a6 7. Nc3 Nc6 8. Bg5 Rb8 9. Rc1 h6 10. Bxf6 Bxf6 11. d5 Ne5 12. Nxe5 Bxe5 13. f4 Bg7 14. e4 f5 15. Qd3 c6 16. Rce1 Qb6+ 17. Kh1 Qxb2 18. e5 c5 19. a4 Qb6 20. Re3 dxe5 21. fxe5 Bd7 22. Ne2 Bxa4 23. Nf4 Bd7 24. Rb1 Qd8 25. Nxg6 f4 26. Nxf8 Qxf8 27. gxf4 Qxf4 28. Rf1 Qd4 29. Qe2 b5 30. Re4 Qc3 31. e6 Be8 32. Qg4 b4 33. Ref4 Ba4 34. d6 Re8 35. dxe7 1-0

[Event "Copenhagen Cand op"]
[Site "Copenhagen"]
[Date "2013.04.28"]
[Round "9"]
[White "Vesterli, Michael"]
[Black "Hansen, Rasmus Agertoft"]
[Result "1-0"]
[WhiteElo "2015"]
[BlackElo "1981"]
[PlyCount "49"]
[EventDate "2013.04.24"]
[EventType "swiss"]
[EventRounds "9"]
[EventCountry "DEN"]
[SourceTitle "EXT 2015"]
[Source "ChessBase"]
[SourceDate "2014.11.20"]
[SourceVersion "1"]
[SourceVersionDate "2014.11.20"]
[SourceQuality "1"]

1. d4 d5 2. c4 e5 3. dxe5 d4 4. Nf3 Nc6 5. g3 h6 6. Nbd2 g5 7. Nb3 Bb4+ 8. Bd2 Bf5 9. Bxb4 Nxb4 10. Nfxd4 Be4 11. f3 Bg6 12. a3 Na6 13. Bh3 Qe7 14. e6 Nf6 15. exf7+ Qxf7 16. Qc1 g4 17. Bg2 0-0-0 18. 0-0 Qe7 19. Qf4 h5 20. Qg5 Nc5 21. Qxg6 Rxd4 22. Nxd4 Qe3+ 23. Kh1 Qxd4 24. fxg4 Nxg4 25. Qf5+ 1-0

[Event "DEN-ch G7-B"]
[Site "Helsingor"]
[Date "2013.03.29"]
[Round "4"]
[White "Hansen, Rasmus Agertoft"]
[Black "Jacobsen, Mikkel Manosri"]
[Result "1/2-1/2"]
[WhiteElo "1985"]
[BlackElo "1815"]
[PlyCount "111"]
[EventDate "2013.03.26"]
[EventType "swiss"]
[EventRounds "7"]
[EventCountry "DEN"]
[SourceTitle "EXT 2023"]
[Source "ChessBase"]
[SourceDate "2022.10.05"]
[SourceVersion "1"]
[SourceVersionDate "2022.10.05"]
[SourceQuality "1"]

1. e4 d5 2. exd5 Qxd5 3. Nc3 Qa5 4. b4 Qxb4 5. Rb1 Qd6 6. Nf3 Nf6 7. Bc4 c6 8. 0-0 b5 9. Be2 Bb7 10. d4 Nbd7 11. Qd3 e6 12. Bg5 Be7 13. Qe3 a6 14. Bf4 Qa3 15. Bc7 Nd5 16. Nxd5 cxd5 17. Bd3 Rc8 18. Be5 Nxe5 19. Nxe5 Qd6 20. Qh3 Bf6 21. f4 Qb6 22. c3 Qa5 23. Rbc1 Qxa2 24. f5 Bxe5 25. dxe5 Rc6 26. Qh5 d4 27. Be4 dxc3 28. fxe6 Qxe6 29. Bf5 Qe7 30. e6 g6 31. exf7+ Qxf7 32. Rce1+ Kd8 33. Qh4+ Qf6 34. Rd1+ Kc7 35. Rd7+ Kb8 36. Qg3+ Ka8 37. Be4 Qxf1+ 38. Kxf1 c2 39. Bxc2 Rxc2 40. Qd3 Rhc8 41. Rd8 Bxg2+ 42. Ke1 Bb7 43. h4 Rxd8 44. Qxd8+ Rc8 45. Qd7 Rc6 46. Qd8+ Ka7 47. Qd4+ Rb6 48. Kd2 h6 49. Kc3 a5 50. Qh8 g5 51. hxg5 hxg5 52. Qg7 b4+ 53. Kb2 b3 54. Qxg5 Bc6 55. Qxa5+ Kb7 56. Qxb6+ 1/2-1/2

[Event "Copenhagen Bronshoj op"]
[Site "Copenhagen"]
[Date "2013.02.11"]
[Round "7"]
[White "Hansen, Rasmus Agertoft"]
[Black "Jorgensen, Mikkel"]
[Result "1-0"]
[WhiteElo "1992"]
[BlackElo "1849"]
[PlyCount "91"]
[EventDate "2013.02.08"]
[EventType "swiss"]
[EventRounds "7"]
[EventCountry "DEN"]
[SourceTitle "EXT 2015"]
[Source "ChessBase"]
[SourceDate "2014.11.20"]
[SourceVersion "1"]
[SourceVersionDate "2014.11.20"]
[SourceQuality "1"]

1. e4 e6 2. d4 d5 3. Nc3 Nf6 4. Bg5 Bb4 5. e5 h6 6. Bd2 Bxc3 7. Bxc3 Ne4 8. Bb4 c5 9. Bxc5 Nxc5 10. dxc5 Qa5+ 11. c3 Qxc5 12. Qg4 Rg8 13. Bd3 Bd7 14. Bh7 Kf8 15. Bxg8 Kxg8 16. h4 Nc6 17. Nf3 Ne7 18. h5 Bb5 19. Nd4 Bd3 20. Qf4 Qc4 21. g4 Nc6 22. Rh3 Bf1 23. b3 Qa6 24. Re3 Bg2 25. Ne2 Rd8 26. f3 d4 27. Re4 d3 28. Nd4 Nxd4 29. Rxd4 Rxd4 30. cxd4 Qc6 31. Rc1 Qxf3 32. Qxf3 Bxf3 33. Rc8+ Kh7 34. Rc7 Kg8 35. Kd2 Be4 36. Rc8+ Kh7 37. Ke3 g6 38. a4 Kg7 39. Rc3 Bd5 40. Rxd3 g5 41. Rc3 a6 42. a5 Bc6 43. b4 Kf8 44. d5 exd5 45. Kd4 Ke7 46. Rf3 1-0

[Event "Copenhagen Obro New Year op"]
[Site "Copenhagen"]
[Date "2012.12.28"]
[Round "3"]
[White "Haubro, Sigfred"]
[Black "Hansen, Rasmus Agertoft"]
[Result "1-0"]
[WhiteElo "2130"]
[BlackElo "1991"]
[PlyCount "63"]
[EventDate "2012.12.27"]
[EventType "swiss"]
[EventRounds "7"]
[EventCountry "DEN"]
[SourceTitle "CBM 152 Extra"]
[Source "ChessBase"]
[SourceDate "2013.02.25"]
[SourceVersion "1"]
[SourceVersionDate "2013.02.25"]
[SourceQuality "1"]

1. Nf3 d6 2. d4 f5 3. c4 Nf6 4. Nc3 g6 5. g3 Bg7 6. Bg2 0-0 7. 0-0 Nc6 8. Rb1 Ne4 9. e3 Nxc3 10. bxc3 e5 11. Ba3 e4 12. Nd2 Rf6 13. Qc2 Bh6 14. Rbe1 Qe8 15. Kh1 g5 16. f3 exf3 17. Bxf3 Ne7 18. e4 Bf8 19. e5 Rh6 20. exd6 cxd6 21. Re2 Qg6 22. c5 Nc6 23. Nc4 dxc5 24. d5 g4 25. Bg2 b5 26. dxc6 bxc4 27. c7 Bd6 28. Bxa8 Bxg3 29. Bd5+ Kh8 30. Bxc5 Bh4 31. Bd4+ Bf6 32. Bxf6+ 1-0

[Event "Politiken Cup 34th"]
[Site "Helsingor"]
[Date "2012.07.29"]
[Round "2"]
[White "Hansen, Rasmus Agertoft"]
[Black "Ananthan, Arunn"]
[Result "1/2-1/2"]
[WhiteElo "1946"]
[BlackElo "1696"]
[PlyCount "97"]
[EventDate "2012.07.28"]
[EventType "swiss"]
[EventRounds "10"]
[EventCountry "DEN"]
[SourceTitle "CBM 149 Extra"]
[Source "ChessBase"]
[SourceDate "2012.08.24"]
[SourceVersion "1"]
[SourceVersionDate "2012.08.24"]
[SourceQuality "1"]

1. d4 d5 2. c4 e6 3. Nc3 Nc6 4. Nf3 Nf6 5. e3 Be7 6. a3 0-0 7. c5 a5 8. Bd2 Ne4 9. Bb5 Bd7 10. 0-0 Bf6 11. Qc2 Nxc3 12. Bxc3 Re8 13. Bd3 h6 14. Rad1 Kh8 15. e4 dxe4 16. Bxe4 Rb8 17. Rfe1 Ne7 18. Bxa5 Nd5 19. Bxd5 exd5 20. Rxe8+ Bxe8 21. Ne5 b6 22. cxb6 cxb6 23. Bc3 Rc8 24. Qf5 Bxe5 25. Qxe5 Ba4 26. Rd3 Qg5 27. Re3 Re8 28. Qxg5 hxg5 29. Rxe8+ Bxe8 30. b3 Bb5 31. a4 Bd3 32. a5 bxa5 33. Bxa5 Kh7 34. f3 f5 35. Kf2 f4 36. Bd8 Kg6 37. b4 Kf5 38. g4+ fxg3+ 39. hxg3 g4 40. fxg4+ Kxg4 41. Bc7 Bb5 42. Ke3 g6 43. Bf4 Bc6 44. Be5 Bb5 45. Kd2 Kf3 46. Kc3 g5 47. Bf6 g4 48. Be5 Ke2 49. Bf4 1/2-1/2

[Event "Copenhagen K41 Sommer B"]
[Site "Copenhagen"]
[Date "2012.05.31"]
[Round "3"]
[White "Hejberg, Carsten"]
[Black "Hansen, Rasmus Agertoft"]
[Result "0-1"]
[WhiteElo "1937"]
[BlackElo "1893"]
[PlyCount "80"]
[EventDate "2012.05.17"]
[EventType "tourn"]
[EventRounds "5"]
[EventCountry "DEN"]
[SourceTitle "EXT 2023"]
[Source "ChessBase"]
[SourceDate "2022.10.05"]
[SourceVersion "1"]
[SourceVersionDate "2022.10.05"]
[SourceQuality "1"]

1. d4 f5 2. Nc3 d5 3. Bg5 h6 4. Bf4 Nf6 5. e3 Be6 6. Nf3 g5 7. Bg3 c6 8. Ne5 Nbd7 9. Be2 Nxe5 10. Bxe5 Qb6 11. Bh5+ Kd8 12. Na4 Qa5+ 13. c3 b6 14. Be2 c5 15. dxc5 b5 16. Qd4 Bg7 17. c6 bxa4 18. c7+ Ke8 19. Bd1 Kf7 20. Bxa4 Qb6 21. 0-0 Nh5 22. Bxg7 Nxg7 23. Bb3 Qxd4 24. cxd4 Rhc8 25. Rfc1 Ne8 26. Rc5 Rxc7 27. Bxd5 Bxd5 28. Rxd5 e6 29. Rc5 Rxc5 30. dxc5 Rb8 31. b3 Ke7 32. Kf1 Nc7 33. Rc1 Na6 34. Rc4 Rb4 35. Rc3 Rb5 36. c6 Kd6 37. Ke2 Rc5 38. Rd3+ Kxc6 39. Rd8 Rc2+ 40. Kf3 h5 0-1

[Event "Copenhagen Challenge"]
[Site "Ballerup"]
[Date "2012.05.02"]
[Round "1"]
[White "Hansen, Rasmus Agertoft"]
[Black "Jacobsen, Bo"]
[Result "0-1"]
[WhiteElo "1923"]
[BlackElo "2337"]
[PlyCount "84"]
[EventDate "2012.05.02"]
[EventType "swiss"]
[EventRounds "9"]
[EventCountry "DEN"]
[SourceTitle "CBM 148 Extra"]
[Source "ChessBase"]
[SourceDate "2012.06.22"]
[SourceVersion "1"]
[SourceVersionDate "2012.06.22"]
[SourceQuality "1"]

1. d4 Nf6 2. Nf3 g6 3. c4 Bg7 4. Nc3 0-0 5. e4 d6 6. Bg5 c5 7. d5 e6 8. Nd2 h6 9. Bh4 a6 10. a4 Nbd7 11. Be2 Re8 12. 0-0 e5 13. Ra3 Qc7 14. Qc2 Nh7 15. Bg3 h5 16. Nd1 Bh6 17. Ne3 Bf4 18. Rb1 Qd8 19. h4 Rf8 20. Ndf1 a5 21. Nh2 b6 22. Rc3 Ra7 23. Re1 Ndf6 24. b3 Re7 25. Bf3 Ree8 26. Qd1 Kh8 27. Qe2 Nd7 28. Qc2 Nhf6 29. Qe2 Rg8 30. Nhf1 Rg7 31. Nd1 Ng8 32. Nb2 Nh6 33. Nd3 Bxg3 34. fxg3 f5 35. Ne3 Rf8 36. exf5 gxf5 37. Bxh5 Rxg3 38. Nf1 Rg7 39. Qe3 f4 40. Qf2 Nf6 41. Nxf4 Nxh5 42. Nxh5 Rxf2 0-1

[Event "Copenhagen Bronshoj op"]
[Site "Copenhagen"]
[Date "2012.02.13"]
[Round "6"]
[White "Hansen, Rasmus Agertoft"]
[Black "Christiansen, Johan Sebastian"]
[Result "1-0"]
[WhiteElo "1936"]
[BlackElo "1967"]
[PlyCount "107"]
[EventDate "2012.02.10"]
[EventType "swiss"]
[EventRounds "7"]
[EventCountry "DEN"]
[SourceTitle "EXT 2015"]
[Source "ChessBase"]
[SourceDate "2014.11.20"]
[SourceVersion "1"]
[SourceVersionDate "2014.11.20"]
[SourceQuality "1"]

1. e4 e5 2. Nf3 Nc6 3. Bb5 f5 4. d3 fxe4 5. dxe4 Nf6 6. 0-0 Bc5 7. Bc4 Qe7 8. Bg5 d6 9. Nc3 Be6 10. Nd5 Bxd5 11. Bxd5 h6 12. Bxf6 Qxf6 13. c3 Ne7 14. Bxb7 Rb8 15. Qa4+ Kf7 16. Qa6 h5 17. b4 Bb6 18. a4 h4 19. Ne1 h3 20. g3 c5 21. a5 Bc7 22. bxc5 dxc5 23. Qxf6+ gxf6 24. a6 f5 25. Nc2 fxe4 26. Rfe1 Nf5 27. Bxe4 Nd6 28. Bd5+ Kf6 29. Ne3 Nb5 30. Bc4 Bd6 31. Red1 Bf8 32. Bxb5 Rxb5 33. Rd7 Bh6 34. c4 Rb2 35. Nd5+ Kf5 36. Rxa7 Rhb8 37. Rf7+ Ke4 38. Rd1 Rd2 39. Re1+ Kd3 40. a7 Rd8 41. Nb6 Ra2 42. Kf1 Bd2 43. Rd1 Kc3 44. a8Q Rdxa8 45. Nxa8 Rxa8 46. Rf3+ Kc2 47. Ke2 Bc3 48. g4 Ra4 49. Rdd3 Bd4 50. Rd2+ Kc1 51. g5 Ra6 52. Rg3 Bxf2 53. Rf3 Be1 54. Rf1 1-0

[Event "Copenhagen Bronshoj op"]
[Site "Copenhagen"]
[Date "2012.02.12"]
[Round "5"]
[White "Ananthan, Arunn"]
[Black "Hansen, Rasmus Agertoft"]
[Result "0-1"]
[WhiteElo "1645"]
[BlackElo "1936"]
[PlyCount "52"]
[EventDate "2012.02.10"]
[EventType "swiss"]
[EventRounds "7"]
[EventCountry "DEN"]
[SourceTitle "EXT 2015"]
[Source "ChessBase"]
[SourceDate "2014.11.20"]
[SourceVersion "1"]
[SourceVersionDate "2014.11.20"]
[SourceQuality "1"]

1. e4 Nf6 2. Nc3 d6 3. d4 g6 4. Bg5 Bg7 5. e5 Nfd7 6. Nf3 0-0 7. exd6 cxd6 8. Be2 Nc6 9. Qd2 Nf6 10. 0-0-0 Bf5 11. h4 h5 12. Bh6 Bxh6 13. Qxh6 Ng4 14. Qg5 f6 15. Qf4 Qa5 16. Nd2 Nb4 17. a3 Nxc2 18. Bxg4 hxg4 19. h5 Rac8 20. Nb3 Qb6 21. Qh6 g5 22. Na5 Qxa5 23. f4 Rxc3 24. Kd2 Re3+ 25. Kc1 Nxa3 26. Rd2 Nc4 0-1

[Event "Copenhagen Bronshoj op"]
[Site "Copenhagen"]
[Date "2012.02.11"]
[Round "2"]
[White "Frisk, Hans"]
[Black "Hansen, Rasmus Agertoft"]
[Result "1/2-1/2"]
[WhiteElo "2058"]
[BlackElo "1936"]
[PlyCount "86"]
[EventDate "2012.02.10"]
[EventType "swiss"]
[EventRounds "7"]
[EventCountry "DEN"]
[SourceTitle "EXT 2015"]
[Source "ChessBase"]
[SourceDate "2014.11.20"]
[SourceVersion "1"]
[SourceVersionDate "2014.11.20"]
[SourceQuality "1"]

1. d4 Nf6 2. c4 c6 3. Nf3 d5 4. e3 e6 5. b3 Bd6 6. Bb2 Nbd7 7. Nbd2 Ne4 8. Nxe4 dxe4 9. Nd2 f5 10. g3 0-0 11. Bg2 Qg5 12. 0-0 Nf6 13. Qe2 Qh6 14. f3 exf3 15. Bxf3 Bd7 16. e4 Bb4 17. e5 Bxd2 18. exf6 Rxf6 19. Rad1 Be3+ 20. Kg2 f4 21. g4 Re8 22. h3 Qg5 23. Be4 Ref8 24. Qf3 h5 25. Kh2 Rh6 26. gxh5 Rxh5 27. Rg1 Bxg1+ 28. Rxg1 Qh6 29. Rg6 Qh8 30. Qg4 Rf7 31. Bf3 e5 32. Qxh5 Qxh5 33. Bxh5 f3 34. dxe5 f2 35. Be2 f1Q 36. Bxf1 Rxf1 37. Kg2 Rd1 38. Rd6 Rxd6 39. exd6 c5 40. h4 Kf7 41. Kg3 g6 42. Kf4 Ke6 43. Be5 Bc6 1/2-1/2